Statistics for Belgium Jupiler Pro League teams 2014-2015

Click here to take the quiz!

General Stats

  • This quiz has been taken 548 times
  • The average score is 13 of 16

Answer Stats

Answer% Correct
Anderlecht
99%
Club Brugge
98%
AA Gent
95%
RC Genk
95%
Standard Liège
94%
Charleroi
85%
Cercle Brugge
82%
KV Mechelen
80%
Zulte-Waregem
80%
KV Kortrijk
79%
Lokeren
73%
Waasland Beveren
70%
Mouscron-Péruwelz
68%
Westerlo
65%
Lierse
57%
KV Oostende
56%

Score Distribution

Percentile by Number Answered

Percent of People with Each Score

Your Score History

You have not taken this quiz